Cary Elwes Filmography - Statistics

General Stats
  • This quiz has been taken 38 times
    4 since last reset
  • The average score is 8 of 146
Answer Stats
Type Year Name % Correct
Web Mini-Series 2020 Home Movie: The Princess Bride
100%
Film 1993 Robin Hood: Men in Tights
100%
Film 1987 The Princess Bride
100%
Film 2004 Saw
67%
Film 2010 Saw 3D
67%
Film 1996 Twister
67%
Film 1992 Bram Stoker's Dracula
33%
Film 1990 Days of Thunder
33%
TV Show 2009, 2010, 2012, 2014 Psych
33%
Film 1998 Quest for Camelot
33%
TV Show 1996 Seinfeld
33%
Web Series 2019 Stranger Things
33%
Film 2005 The Cat Returns
33%
Film 2012 The Oogieloves in the Big Balloon Adventure
33%
Film 2014 A Bit of Bad Luck
0%
Film 2021 A Castle for Christmas
0%
Film 2009 A Christmas Carol
0%
Film 2015 A Haunting in Cawdor
0%
Film 2004 American Crime
0%
Film 2015 A Mouse Tale
0%
TV Documentary 2018 André the Giant
0%
Film 1984 Another Country
0%
Film 2010 As Good as Dead
0%
TV Show 1999 Batman Beyond
0%
Film 2014 Behaving Badly
0%
Film 2015 Being Charlie
0%
Film 2021 Best Sellers
0%
Film 2014 Beyond Beyond
0%
Film 2018 Billionaire Boys Club
0%
Film 2023 BlackBerry
0%
Film 2019 Black Christmas
0%
Film 2021 Burning at Both Ends
0%
Film 2011 Camilla Dickinson
0%
Short Film 2019 Circus Sam
0%
Film 2002 Comic Book Villains
0%
Documentary Mini-Series 2014 Cosmos: A Spacetime Odyssey
0%
Film 1999 Cradle Will Rock
0%
Commercial 2018 Culligan
0%
Film TBA Dead Man's Wire
0%
Film 2012 Delhi Safari
0%
TV Show 1998 Disney's Hercules: The Animated Series
0%
Film 2017 Don't Sleep
0%
Film 2005 Edison
0%
Film 2004 Ella Enchanted
0%
Video Game 2012 Epic Mickey 2: The Power of Two
0%
Film 2006 Factory Girl
0%
TV Show 2014-2021 Family Guy
0%
Film 1994 Felidae
0%
Film 2010 Flying Lessons
0%
TV Mini-Series 1998 From the Earth to the Moon
0%
Film 2007 Georgia Rule
0%
Film 2018 Ghost Light
0%
Film 1989 Glory
0%
TV Show 2014 Granite Flats
0%
Film 2015 H8RZ
0%
Film 2013 Hansel & Gretel Get Baked
0%
TV Film 2006 Haskett's Chance
0%
Film 2011 Hellgate
0%
TV Film 2013 Horizon
0%
Film 1991 Hot Shots!
0%
Film 2016 Indiscretion
0%
Film 2013 Justice League: The Flashpoint Paradox
0%
TV Show 2020 Katy Keene
0%
Film 1997 Kiss the Girls
0%
Web Mini-Series 2024 Knuckles
0%
Film 1986 Lady Jane
0%
Film 2021 Last Train to Christmas
0%
TV Show 2007 Law & Order: Special Victims Unit
0%
Film 1992 Leather Jackets
0%
TV Show 2012 Leverage
0%
Film 1997 Liar Liar
0%
TV Show 2016-2017 Life in Pieces
0%
Film 2011 Little Murder
0%
Film 2016 Lost & Found
0%
Film TBA Mary Pickford: Love Wild
0%
Film 1987 Maschenka
0%
TV Film 2016 Max
0%
Web Series TBA M.I.A.
0%
Film 2023 Mission: Impossible - Dead Reckoning - Part One
0%
Film 2025 Mission: Impossible - The Final Reckoning
0%
Film 2005 National Lampoon's Pucked
0%
Film 2005 Neo Ned
0%
Music Video 2025 Neverland
0%
Film 1989 Never on Tuesday
0%
Film 2011 New Year's Eve
0%
TV Show 2001 Night Visions
0%
Film 2011 No Strings Attached
0%
Film 2023 Operation Fortune: Ruse de Guerre
0%
Film 1984 Oxford Blues
0%
TV Show 2012 Perception
0%
TV Show 1998 Pinky and the Brain
0%
Video Game 2007 Pirates of the Caribbean: At World's End
0%
TV Mini-Series 2005 Pope John Paul II
0%
Film 2003 Porco Rosso
0%
TV Short 2012 Prairie Dogs
0%
Film 2010 Psych: 9
0%
TV Film 2000 Race Against Time
0%
Film 2014 Reach Me
0%
Film 2023 Rebel Moon - Part One: A Child of Fire
0%
Film 2024 Rebel Moon: Part Two - The Scargiver
0%
Film 2012 Rodencia y el Diente de la Princesa
0%
Film 1994 Rudyard Kipling's The Jungle Book
0%
Film 2000 Shadow of the Vampire
0%
Film 2013 She Loves Me Not
0%
TV Show 2015, 2016 Sofia the First
0%
Film 2016 Sugar Mountain
0%
Film 2023 Sweetwater
0%
Film 2014 Teen Lust
0%
Web Series 2018 The Adventures of Puss in Boots
0%
Film 2011 The Adventures of Tintin
0%
Film 2008 The Alphabet Killer
0%
Film TBA The American Spring
0%
TV Film 2013 The Anna Nicole Story
0%
TV Show 2015-2016 The Art of More
0%
Video Game 2004 The Bard's Tale
0%
Film 1985 The Bride
0%
Film 2001 The Cat's Meow
0%
Film 1994 The Chase
0%
Film 2012 The Citizen
0%
Film 1993 The Crush
0%
Short Film 2006 The Dread Pirate Roberts: Greatest Legend of the Seven Seas
0%
Film 2016 The Elephant Kingdom
0%
Theater 2003 The Exonerated
0%
Documentary 2025 The Gettysburg Address
0%
Film 2022 The Hyperions
0%
Film 1997 The Informant
0%
Web Series 2019 The Marvelous Mrs. Maisel
0%
Film 2024 The Ministry of Ungentlemanly Warfare
0%
TV Show 1999 The Outer Limits
0%
Film TBA The Panic
0%
TV Film 1998 The Pentagon Wars
0%
Film 2016 The Queen of Spain
0%
TV Film 2004 The Riverman
0%
Film 2011 The Story of Luke
0%
Film 2021 The Unholy
0%
TV Show 2001-2002 The X-Files
0%
TV Film 2010 Tough Trade
0%
TV Mini-Series 2001 Uprising
0%
Film 2007 Walk the Talk
0%
Film 2017 We Don't Belong Here
0%
Film 2006 Whisper of the Heart
0%
Film 2002 Wish You Were Dead
0%
TV Pilot 2011 Wonder Woman
0%
TV Show 2017 Workaholics
0%
Film 1979 Yesterday's Hero
0%
Web Mini-Series 2018 Youth & Consequences
0%
No matching quizzes found
Score Distribution
Percent of People with Each Score
Percentile by Number Answered
Your Score History
You have not taken this quiz since the last reset